000 00576nam a2200217Ia 4500
005 20241129115749.0
008 241129s9999||||xx |||||||||||||| ||und||
020 _a9788170164241
037 _aTB
040 _aSDCL
_beng
_cSDCL
041 _ahin
_2hin
084 _aO152,1N26x Q9
_qSDCL
100 _aVajpeyi Atal Bihari
_9728288
245 0 _aNa Dainyam Na Palayanam
260 _aNew Delhi
_bkitabghae prakashan India
_c2019
300 _a103p
365 _aINR
_b160
650 _aHindi
942 _cTB
_hO152,1N26x Q9
999 _c1231906
_d1231906